000 00815cam a22002171a 4500
082 0 0 _a901.22
_bSPE
_cN-01, P-156
100 1 _aSpengler, Oswald,
_917882
245 1 4 _aThe decline of the west
_can abridged edition by Helmut Werner ; English abridged edition prepared by Arthur Helps from the translation by Charles Francis Atkinson.
250 _a[1st American ed.]
260 _aNew York :
_bKnopf,
_c1962.
300 _axxvii, 414, xxviii p. ;
_c25 cm.
526 _a0
_b0
_c0
_d901_220000000000000_SPE
526 _a0
_b0
_c0
_d901_220000000000000_SPE
526 _a0
_b0
_c0
_d901_220000000000000_SPE
650 0 _aCivilization
_xHistory.
_93712
650 0 _aNUST
_96342
700 1 _aAtkinson, Charles Francis,
_946050
700 1 _aHelps, Arthur.
_946051
700 1 _aWerner, Helmut.
_946052
942 _2ddc
_cBK
999 _c549391
_d549391